00666 2200241 4500001002100000005001700021008004100038020002200079035002500101040001200126082001500138084001700153100002100170245008400191250001100275260003300286300002300319650001600342850001200358990001800370990001800388990001800406INLIS00000000001172220150903091852.0  a978-602-955-964-4 a0010-091500000000235 aYOPDYOG 223a153.93 a153.93 Suj P aSUJONO Sumarjono aPaket komplet tembus tes CPNS semua departemen pemerintahanc/ Sujono Sumarjono aCet. 8 aJogjakartabDiva Pressc2013 a396 hlm.c; 24 cm. aPsikometrik aYOPDYOG a49726-PD/A.15 a49727-PD/A.15 a49728-PD/A.15